000 00274nam a22001337a 4500
008 170922b xxu||||| |||| 00| 0 eng d
020 _a9781269831499
041 _aeng
080 _a37
100 _a46
101 _aEDU
245 _aEDUCATION
_cKIM, S
942 _2udc
_cBK
999 _c29126
_d29126